[Event "GRE-ch U12"]
[Site "Peristeri"]
[Date "2023.07.09"]
[Round "9"]
[White "Priftis, Evangelos"]
[Black "Diamantidis, Stamatios"]
[Result "1/2-1/2"]
[WhiteElo "1150"]
[BlackElo "1262"]
[PlyCount "97"]
[EventDate "2023.07.03"]
[EventType "swiss"]
[EventRounds "9"]
[EventCountry "GRE"]
[SourceTitle "EXT 2024"]
[Source "ChessBase"]
[SourceDate "2023.10.10"]
[SourceVersion "1"]
[SourceVersionDate "2023.10.10"]
[SourceQuality "1"]

1. c4 e5 2. d3 Nc6 3. Nc3 Nf6 4. g3 Be7 5. e4 d6 6. Bg2 0-0 7. Nge2 h6 8. 0-0 Be6 9. f4 exf4 10. Nxf4 Ne5 11. Ncd5 Bxd5 12. Nxd5 Nxd5 13. cxd5 c5 14. dxc6 Nxc6 15. Be3 Bg5 16. Qd2 Bxe3+ 17. Qxe3 Qb6 18. Qxb6 axb6 19. a3 Nd4 20. Kf2 f5 21. exf5 Rxf5+ 22. Kg1 Ne2+ 23. Kh1 Rh5 24. Rf3 Re8 25. h4 Rhe5 26. Kh2 Re3 27. Rxe3 Rxe3 28. Re1 Kh8 29. Bh3 g5 30. h5 Kg7 31. Bc8 Nxg3 32. Rxe3 Nf1+ 33. Kg2 Nxe3+ 34. Kf3 Nd1 35. b4 Nc3 36. Bxb7 Kf6 37. Bc6 b5 38. Ke3 Nb1 39. a4 bxa4 40. Bxa4 Nc3 41. Bc6 Ke7 42. Kd4 Ne2+ 43. Kc4 Nf4 44. Bf3 Kd7 45. d4 Kc7 46. Kb5 Ne6 47. Kc4 Nf4 48. d5 Kb6 49. Bg4 1/2-1/2